Universidad y sociedad en América Latina

Guardado en:
書目詳細資料
主要作者: Ruiz Zúñiga, Angel
格式: Texto
出版: San José: FLACSO. Programa Costa Rica. Banco Mundial
主題:
標簽: 添加標簽
沒有標簽, 成為第一個標記此記錄!

MARC

LEADER 00000 a a2200000 04500
001 11821
003
040 |a CRAI/IIS  |c CRAI/IIS 
090 |a 140900  
100 |a Ruiz Zúñiga, Angel  
245 |a Universidad y sociedad en América Latina  
260 |a San José:   |b FLACSO. Programa Costa Rica. Banco Mundial  
300 |a 71 p.  
650 |a UNIVERSIDADES  
650 |a INSTITUCIONES DE ENSEÑANZA SUPERIOR  
650 |a SOCIEDAD  
650 |a POLITICA  
999 |c 8742  |d 8742